| 000 | 00795nam a2200229 i 4500 | ||
|---|---|---|---|
| 001 | 150404 | ||
| 003 | ES-MaACL | ||
| 005 | 20260203112527.0 | ||
| 007 | t| | ||
| 008 | 071030s1905 sp ||||1| spa d | ||
| 080 | _a821.134.2-36"18" | ||
| 100 | 1 |
_aValbuena, Antonio de, _d1844-1929 _9112452 |
|
| 245 | 1 | 0 |
_aRipios geográficos / _cAntonio de Valbuena (Miguel de Escalada) [seud.]. |
| 260 |
_aMadrid : _bLibrería General de Victoriano Suárez, _c1905. |
||
| 300 |
_a333 p. ; _c18 cm. |
||
| 530 | _aDisponible en formato digital. | ||
| 852 |
_aES-MaACL _jD-5048 _cSVI |
||
| 852 |
_aES-MaACL _jF-10847 _cSPP2 |
||
| 856 | 4 |
_uhttp://bnedigital.bne.es/bd/es/card?id=c5062658-e28e-4ca3-abd5-a9b3e448ed31 _yBiblioteca Digital Hispánica |
|
| 942 | _2udc | ||
| 999 |
_c150404 _d150404 |
||